[Event "TCh-CRO"]
[Site "Pula CRO"]
[Date "2001.09.12"]
[Round "3"]
[White "Kozul,Z"]
[Black "Sermek,D"]
[Result "1/2-1/2"]
[WhiteElo "2556"]
[BlackElo "2579"]

1.d4 d5 2.c4 dxc4 3.Nf3 c5 4.e3 cxd4 5.Bxc4 Qc7 6.Qb3 e6 7.exd4 Nf6 8.O-O Nc6
9.Re1 Be7 10.Nc3 O-O 11.Bf1 b6 12.Nb5 Qd8 13.Bf4 Bb7 14.Rad1 Rc8 15.Nc3 Nb4
16.Ne5 Nbd5 17.Bg5 Nxc3 18.bxc3 Ne4 19.Bxe7 Qxe7 20.c4 Rfd8 21.g3 Qf6 22.Qe3 Qe7
23.Bg2 Nf6 24.Bh3 Rc7 25.Qf4 Qd6 26.Rd3 Rxc4 27.Nxc4 Qd5 28.f3 Qxc4 29.Bf1 Qxa2
30.Qc7 Qd5 31.Ra1 Rc8 32.Qe5 a6 33.Qxd5 Nxd5 34.Rb3 b5 35.Bd3 f5 36.Kf2 Kf7
37.Bxb5 axb5 38.Ra7 Rc2+ 39.Kg1 Rc1+ 40.Kf2 Rc2+ 41.Kg1 Rc1+  1/2-1/2

[Event "Chigorin Mem Open"]
[Site "St Petersburg RUS"]
[Date "2001.10.01"]
[Round "7"]
[White "Spirin,O"]
[Black "Kashtanov,R"]
[Result "1-0"]
[WhiteElo "2273"]
[BlackElo "2403"]

1.d4 d5 2.c4 dxc4 3.Nf3 a6 4.e3 Bg4 5.Bxc4 e6 6.Qb3 Bxf3 7.gxf3 Qc8 8.Nc3 Nc6
9.Bd2 Nf6 10.d5 Nd8 11.dxe6 Nxe6 12.f4 b5 13.Be2 Qb7 14.Rg1 Be7 15.O-O-O O-O
16.Kb1 c6 17.Bf3 a5 18.Qc2 Nc5 19.Rg3 Rfd8 20.Rdg1 Bf8 21.Ne2 Rxd2 22.Qxd2 Nfe4
23.Qd4 Nxg3 24.Nxg3 Ne6 25.Qe4 Rc8 26.Nh5 Qe7 27.f5 Ng5 28.Qxe7 Bxe7 29.Bh1 Rd8
30.f6 gxf6 31.h4 Rd2 32.hxg5 fxg5 33.f4 h6 34.Bxc6 b4 35.fxg5 hxg5 36.Ng3 Bf6
37.Ne4 Rxb2+ 38.Kc1 Bc3 39.Rxg5+ Kf8 40.Nxc3 bxc3 41.Bd5 Re2 42.e4 a4 43.Rf5  1-0

[Event "FSIMA October"]
[Site "Budapest HUN"]
[Date "2001.10.07"]
[Round "2"]
[White "Mensch,E"]
[Black "Nemeth,Z"]
[Result "1-0"]
[WhiteElo "2299"]
[BlackElo "2372"]

1.d4 d5 2.c4 dxc4 3.Nf3 c5 4.d5 e6 5.Nc3 Nf6 6.e4 exd5 7.e5 Ne4 8.Qxd5 Nxc3
9.Qxd8+ Kxd8 10.bxc3 Be6 11.Ng5 Nd7 12.Nxe6+ fxe6 13.f4 Nb6 14.a4 a5 15.h4 Kc7
16.g3 Re8 17.Rh2 Be7 18.Rb2 Rb8 19.Bh3 Rhe8 20.Bd2 g6 21.Rb5 Ra8 22.Rab1 Ra6
23.Be3 Rb8 24.Bxc5 Bxc5 25.Rxc5+ Kd8 26.Bf1 Rc8 27.Rd1+ Ke7 28.Rxc8 Nxc8
29.Bxc4 Rc6 30.Bb5 Rc7 31.Rd4 Na7 32.c4 h5 33.Ke2 Nc6 34.Bxc6 Rxc6 35.Kd3 Rb6
36.Kc3 Rb1 37.Rd6 Rb4 38.Rd2 Rxa4 39.Rb2 Ra3+ 40.Kd4 Rxg3 41.Rxb7+ Kd8 42.Kc5 Rg4
43.Kd6 Kc8 44.Rf7 Rxh4 45.c5 Rh1 46.Rf8+ Kb7 47.c6+ Kb6 48.Rb8+ Ka7 49.c7  1-0

[Event "FSIMB October"]
[Site "Budapest HUN"]
[Date "2001.10.07"]
[Round "2"]
[White "Pataki,G"]
[Black "Banusz,T"]
[Result "1/2-1/2"]
[WhiteElo "2344"]
[BlackElo "2197"]

1.d4 d5 2.c4 dxc4 3.Nf3 c5 4.e3 cxd4 5.Bxc4 Qc7 6.Bb5+ Bd7 7.Bxd7+ Nxd7 8.exd4 e6
9.O-O Ngf6 10.Nc3 Be7 11.Qe2 Nb6 12.Ne5 O-O 13.Bg5 Nbd5 14.Bxf6 Nxc3  1/2-1/2

[Event "FSIMB October"]
[Site "Budapest HUN"]
[Date "2001.10.10"]
[Round "5"]
[White "Eperjesi,L"]
[Black "Banusz,T"]
[Result "1-0"]
[WhiteElo "2294"]
[BlackElo "2197"]

1.d4 d5 2.c4 dxc4 3.Nf3 c5 4.e3 cxd4 5.Bxc4 Qc7 6.Bb5+ Bd7 7.Nxd4 e5 8.Bxd7+ Qxd7
9.Nb3 Qxd1+ 10.Kxd1 Nc6 11.a3 Nf6 12.Ke2 Be7 13.Bd2 O-O-O 14.Rc1 Kb8 15.Be1 Nd7
16.N1d2 Nb6 17.Nc5 Bxc5 18.Rxc5 Rd5 19.Nb3 Rhd8 20.a4 Rxc5 21.Nxc5 Nd7 22.Rc1 Nxc5
23.Rxc5 Rd6 24.b4 b6 25.Rc4 Kb7 26.b5 Nd8 27.Re4 Re6 28.g4 f6 29.Bb4 Kc8
30.h4 Kd7 31.f3 Nb7 32.Rc4 g6 33.Rc1 Re8 34.Kd3 Rc8 35.Rxc8 Kxc8 36.Ke4 Kd7
37.Kd5 Nd8 38.Bd6 Nb7 39.Bb8 Nc5 40.a5 Nd3 41.axb6 axb6 42.g5 Nb4+ 43.Ke4 fxg5
44.hxg5 Nc2 45.Bxe5 Na3 46.Bd4 Ke6 47.Bxb6 Nxb5 48.Bd4 Nd6+ 49.Kf4 Nb5 50.Bb2 Nd6
51.e4 Nc4 52.Bc3 Na3 53.Bd4 Nb5 54.Bb2 Nd6 55.Kg4 Nc4 56.Bd4 Nd2 57.Bc3 Nc4
58.f4 Nd6 59.Kf3 Nb5 60.Be5 Na3 61.Bd4 Nc4 62.Bc3 Nd6 63.Bb4 Nc4 64.Bc5 Nd2+
65.Ke3 Nc4+ 66.Kd3 Na5 67.Bd4 Nc6 68.Kc4 Nd8 69.Bc3 Nb7 70.Bb4 Nd8 71.Kc5 Nb7+
72.Kc6 Nd8+ 73.Kc7 Nf7 74.Bf8 Nh8 75.Kd8 Nf7+ 76.Ke8 Nh8 77.Bg7 Nf7 78.e5  1-0

[Event "1st Chess Week"]
[Site "Winterthur SUI"]
[Date "2001.10.10"]
[Round "6"]
[White "Madjd Pour,C"]
[Black "Roschina,T"]
[Result "0-1"]
[WhiteElo "2075"]
[BlackElo "2300"]

1.d4 d5 2.Nf3 c5 3.c4 dxc4 4.e4 cxd4 5.Qxd4 Nc6 6.Qxd8+ Nxd8 7.Nd4 Bd7 8.Bxc4 Rc8
9.Nd2 g6 10.Bd3 Bg7 11.N2f3 Nc6 12.Nxc6 Bxc6 13.Nd2 Nf6 14.f3 O-O 15.Nb3 Nd7
16.Rb1 Rfd8 17.Be3 Nc5 18.Be2 Nd3+ 19.Bxd3 Rxd3 20.Bxa7 Bb5 21.Rc1 Ra8 22.Rc5 Rxb3
23.axb3 Rxa7 24.Rc8+ Bf8 25.Kf2 Kg7 26.Rd1 e6 27.Rdd8 Be7 28.Rg8+ Kf6 29.Ra8 Rxa8
30.Rxa8 Bc5+ 31.Kg3 Bd3 32.Kf4 Bd4 33.Ra5 e5+ 34.Kg3 Bxb2 35.Rd5 Bd4 36.h3 Ke6
37.Kh2 b5 38.g4 h6 39.Kg2 b4 40.h4 Bc2 41.Rb5 Bc3 42.h5 Kf6 43.f4 Bxe4+ 44.Kf2 exf4
45.g5+ Kg7 46.hxg6 fxg6 47.Ra5 hxg5  0-1

[Event "ULIM Cup"]
[Site "Kishnev MDA"]
[Date "2001.10.12"]
[Round "6"]
[White "Solcanean,S"]
[Black "Fingerov,D"]
[Result "0-1"]
[WhiteElo "2236"]
[BlackElo "2419"]

1.d4 d5 2.c4 dxc4 3.Nf3 c5 4.e3 cxd4 5.Qxd4 Qxd4 6.Nxd4 Bd7 7.Nc3 Nc6 8.Bxc4 Rc8
9.Bb3 Nf6 10.a3 e5 11.Nf3 Be7 12.O-O O-O 13.h3 Rfd8 14.Ng5 Be8 15.Nf3 a6
16.Ba2 e4 17.Nd2 Ne5 18.Ndxe4 Nxe4 19.Nxe4 Bb5 20.Re1 Nd3 21.Rd1 Ba4 22.Rf1 Bc6
23.Nc3 Bf6 24.Rd1 Bh4 25.Rd2 b5 26.e4 Bf6 27.Re2 Bb7  0-1

[Event "Essent Open"]
[Site "Hoogeveen NED"]
[Date "2001.10.18"]
[Round "7"]
[White "Guliev,S"]
[Black "Hort,V"]
[Result "0-1"]
[WhiteElo "2489"]
[BlackElo "2519"]

1.d4 d5 2.c4 dxc4 3.Nf3 a6 4.e3 Bg4 5.Bxc4 e6 6.Nc3 Nf6 7.h3 Bh5 8.g4 Bg6
9.Ne5 Nbd7 10.Nxg6 hxg6 11.g5 Nd5 12.Nxd5 exd5 13.Bxd5 c6 14.Bxf7+ Kxf7 15.Qb3+ Ke8
16.Qe6+ Qe7 17.Qxg6+ Kd8 18.Bd2 Kc7 19.h4 a5 20.Rc1 Ra6 21.Qf5 Kb8 22.e4 g6
23.Qxg6 c5 24.Qf5 Bg7 25.Bf4+ Ka8 26.dxc5 Ne5 27.Bxe5 Bxe5 28.O-O Rf8 29.Qg4 Rf4
30.Qh3 Bd4 31.c6 Rxc6 32.Rxc6 bxc6 33.Qg2 Qe6 34.Re1 Rg4  0-1

[Event "Essent Open"]
[Site "Hoogeveen NED"]
[Date "2001.10.20"]
[Round "9"]
[White "Rooda,K"]
[Black "Afek,Y"]
[Result "0-1"]
[WhiteElo "2176"]
[BlackElo "2369"]

1.d4 d5 2.Nf3 c5 3.c4 dxc4 4.Nc3 a6 5.a4 cxd4 6.Qxd4 Qxd4 7.Nxd4 Nf6 8.e4 e5
9.Nf5 Nxe4 10.Nxg7+ Bxg7 11.Nxe4 Be6 12.Bxc4 Bxc4 13.Nd6+ Ke7 14.Nxc4 Nd7
15.Ne3 Ke6 16.Ke2 Rac8 17.Bd2 Nc5 18.Bc3 Nb3 19.Rad1 Nd4+ 20.Bxd4 exd4 21.Nf1 Rc4
22.b3 Rc3 23.Rd3 Rhc8 24.Nd2 Rxd3 25.Kxd3 Rc3+ 26.Ke2 d3+ 27.Kf3 Kd5 28.Rb1 Bh6
29.Ne4 Rc2 30.Rd1 Kd4 31.Ng3 d2 32.Ke2 Kc3 33.Nf5 Bf8 34.f4 Bc5 35.Ne3 Bxe3
36.Kxe3 Kxb3 37.Rb1+ Kxa4 38.Ke2  0-1

[Event "TSGM October"]
[Site "Belgrade YUG"]
[Date "2001.10.28"]
[Round "9"]
[White "Sahovic,D"]
[Black "Stojanovic,Mih"]
[Result "0-1"]
[WhiteElo "2387"]
[BlackElo "2425"]

1.d4 d5 2.c4 dxc4 3.Nf3 c5 4.e3 cxd4 5.Nxd4 e5 6.Nb5 Be6 7.Qxd8+ Kxd8 8.Nd2 a6
9.Nc3 Nc6 10.Bxc4 Kd7 11.O-O Nf6 12.Be2 Be7 13.b3 Rhd8 14.Bb2 Kc7 15.Rfd1 Nd5
16.Nxd5+ Bxd5 17.e4 Be6 18.Bc4 Rd6 19.Bxe6 Rxe6 20.Nc4 Bc5 21.Rac1 Bd4 22.Bxd4 exd4
23.f3 Rd8 24.Nb2 f5 25.exf5 Re2 26.Nd3 Rxa2 27.Nc5 Kb6 28.Ne6 Rd7 29.Rd3 Ra5
30.g4 Ne5 31.Rdd1 Ra2 32.Rf1 d3 33.Rf2 d2 34.Rd1 Rc2 35.Kg2 Nd3 36.Re2 Nb2
37.Rdxd2 Rcxd2 38.Rxd2 Rxd2+ 39.Kg3 Rd1 40.Nf8 Rd3 41.Nxh7 Rxb3 42.g5 Rd3
43.f6 gxf6 44.g6 Rd8 45.h4 a5 46.h5 a4 47.g7 a3 48.Nf8 a2 49.g8=Q a1=Q 50.Qe6+ Ka7
51.Qe3+ Kb8 52.Ne6 Rg8+ 53.Kf4 Nc4 54.Qc5 Qc1+ 55.Ke4 Qc2+ 56.Kf4 Qd2+ 57.Ke4 Nd6+
58.Qxd6+ Qxd6 59.Kf5 Qe5+  0-1

[Event "FIDE WCh Women KO"]
[Site "Moscow RUS"]
[Date "2001.11.28"]
[Round "1.2"]
[White "Phan Koshnitsky,N"]
[Black "Skripchenko,A"]
[Result "0-1"]
[WhiteElo "2182"]
[BlackElo "2497"]

1.d4 d5 2.c4 dxc4 3.Nf3 a6 4.a4 Nf6 5.e3 e6 6.Bxc4 c5 7.O-O Nc6 8.Qe2 Be7
9.Rd1 cxd4 10.exd4 O-O 11.Nc3 Nd5 12.Bd3 Ncb4 13.Bb1 b6 14.Ne5 Bb7 15.Qh5 f5
16.Nd3 Bf6 17.Qe2 Re8 18.Nxb4 Nxb4 19.Bf4 Rc8 20.Be5 Bxe5 21.dxe5 Qg5 22.f3 Nd5
23.Nxd5 Bxd5 24.Bd3 a5 25.Ba6 Rc5 26.Rd4 Rc1+ 27.Rxc1 Qxc1+ 28.Rd1 Qf4 29.g3 Qxa4
30.Kf2 Re7 31.Bd3 Qd4+ 32.Kg2 Qc5 33.Rd2 Rc7 34.Rc2 Qe7 35.Bc4 Bxc4 36.Rxc4 Rxc4
37.Qxc4 Qd7 38.Kh3 Kf7 39.Qa6 Qc6 40.Qa7+ Kg6 41.Qe7 h6 42.f4 b5 43.Kh4 Kh7
44.h3 b4 45.g4 fxg4 46.hxg4 Qg2 47.g5 h5 48.Qxe6 Qh2+  0-1

[Event "Christmas Open"]
[Site "Zurich SUI"]
[Date "2001.12.27"]
[Round "2"]
[White "Rodic,D"]
[Black "Roschina,T"]
[Result "1/2-1/2"]
[WhiteElo "2216"]
[BlackElo "2300"]

1.d4 d5 2.Nf3 c5 3.c4 dxc4 4.Nc3 cxd4 5.Qxd4 Qxd4 6.Nxd4 Nf6 7.e4 e5 8.Nf3 Bb4
9.Bxc4 Nxe4 10.Nxe5 O-O 11.Bd2 Nxd2 12.Kxd2 Nd7 13.Nd3 Bxc3+ 14.Kxc3 Nb6
15.Bb3 Bf5 16.Ne5 a5 17.a4 Rac8+ 18.Kd2 Rfd8+ 19.Ke3 Nd5+ 20.Kf3 Be6 21.Rhd1 h5
22.Kg3 g5 23.h4 f6 24.Nc4 gxh4+ 25.Kxh4 Kf7 26.Kg3 Rg8+ 27.Kh2 b6 28.g3 h4
29.Rac1 Rg4 30.Nxb6 hxg3+ 31.fxg3 Rh8+ 32.Kg2 Ne3+ 33.Kf3 Bxb3 34.Rd7+ Kg6
35.Kxe3 Rxg3+ 36.Kf2 Rg5 37.Nc8 Rh2+ 38.Kf3 Be6 39.Ne7+ Kh6 40.Rd4 Rgh5 41.Rg1 R5h3+
42.Rg3 Rxg3+ 43.Kxg3 Rxb2 44.Nc6 Kg5 45.Nxa5 Rb6 46.Nc4 Rb3+ 47.Kf2 Rb4 48.Nd2 Rb2
49.Ke3 f5 50.Nf3+ Kf6 51.Kf4 Rg2 52.Ne5 Rf2+ 53.Nf3 Ra2 54.Ne5 Ra3 55.Nd3 Ra1  1/2-1/2

[Event "Women"]
[Site "Tallinn EST"]
[Date "2002.01.10"]
[Round "4"]
[White "Tsiganova,M"]
[Black "Stjazhkina,O"]
[Result "1/2-1/2"]
[WhiteElo "2249"]
[BlackElo "2283"]

1.d4 d5 2.c4 dxc4 3.Nf3 a6 4.a4 Nf6 5.e3 Bg4 6.Bxc4 e6 7.O-O Nc6 8.Nc3 Bd6
9.h3 Bh5 10.Be2 O-O 11.Nd2 Bxe2 12.Qxe2 e5  1/2-1/2

[Event "54th ch-YUG Youth"]
[Site "Obrenovac YUG"]
[Date "2002.01.18"]
[Round "9"]
[White "Draganic,V"]
[Black "Krivokapic,M"]
[Result "1/2-1/2"]
[WhiteElo "2178"]
[BlackElo "2055"]

1.d4 d5 2.c4 dxc4 3.Nf3 c5 4.e3 cxd4 5.Bxc4 e6 6.exd4 Nf6 7.O-O Be7 8.Nc3 a6
9.a4 O-O 10.Bf4 Nc6 11.d5 exd5 12.Nxd5 Nxd5 13.Qxd5 Be6 14.Qxd8 Nxd8 15.Bd3 Bd5
16.Ne5 Ne6 17.Be3 Nc5 18.Bf5 Rfe8 19.b4 Bf6 20.Bxc5 Bxe5 21.Rac1 Bc6 22.a5  1/2-1/2

[Event "Kaissa Open"]
[Site "Kharkov UKR"]
[Date "2002.01.22"]
[Round "1"]
[White "Kalinski,I"]
[Black "Fingerov,D"]
[Result "1/2-1/2"]
[WhiteElo "2240"]
[BlackElo "2410"]

1.d4 d5 2.c4 dxc4 3.Nf3 c5 4.d5 e6 5.Nc3 exd5 6.Qxd5 Qxd5 7.Nxd5 Bd6 8.e4 Ne7
9.Bxc4 Nxd5 10.Bxd5 Na6 11.e5 Be7 12.O-O O-O 13.Bf4 Nc7 14.Be4 Ne6 15.Be3 Rb8  1/2-1/2

[Event "It"]
[Site "Le Mans FRA"]
[Date "2002.02.17"]
[Round "1"]
[White "Blot,J"]
[Black "Heurtebize,O"]
[Result "0-1"]
[WhiteElo "2299"]
[BlackElo "2203"]

1.d4 d5 2.c4 dxc4 3.Nf3 a6 4.e3 Nf6 5.Bxc4 b5 6.Bd3 Bb7 7.a4 c6 8.e4 e6 9.O-O Be7
10.Qe2 Nbd7 11.Bg5 h6 12.Bh4 Nh5 13.Bxe7 Qxe7 14.g3 e5 15.Nbd2 g6 16.dxe5 Nxe5
17.Nxe5 Qxe5 18.Nb3 Rd8 19.Rac1 O-O 20.f4 Qe7 21.Nc5 Rd4 22.f5 Rfd8 23.fxg6 fxg6
24.Bb1 Bc8 25.e5 Bh3 26.Rfe1 Rd2 27.Qe3 Rg2+ 28.Kh1 Rdd2  0-1

[Event "Petrov Mem Open"]
[Site "St Petersburg RUS"]
[Date "2002.02.17"]
[Round "6"]
[White "Golovchenko,G"]
[Black "Kashtanov,R"]
[Result "1/2-1/2"]
[WhiteElo "2308"]
[BlackElo "2392"]

1.d4 d5 2.c4 dxc4 3.Nf3 a6 4.e3 Nf6 5.Bxc4 e6 6.O-O c5 7.Nc3 Nc6 8.Qe2 Na5
9.Bd3 cxd4 10.exd4 Be7 11.Bg5 h6 12.Bh4 Nh5 13.Bxe7 Kxe7 14.Qe5 Nf6 15.Qc5+ Ke8
16.Ne4 b6 17.Nxf6+ gxf6 18.Qh5 Bb7 19.Rfe1 Kf8 20.b4 Nc6 21.Be4 f5 22.Ne5 Nxe5
23.Bxb7 Ra7 24.dxe5 Rxb7 25.Rad1 Rd7 26.Rxd7 Qxd7 27.Rd1 Qc7 28.f4 Qc2 29.h3 Kg7
30.Kh2 Qf2 31.Rd3 Qxf4+ 32.Rg3+ Kf8 33.Qd1 Ke8 34.Qd6 h5 35.Qb8+ Ke7 36.Qb7+ Ke8
37.Qc8+ Ke7  1/2-1/2

[Event "Spring Festival"]
[Site "Budapest HUN"]
[Date "2002.03.17"]
[Round "3"]
[White "Berczes,D"]
[Black "Weglarz,L"]
[Result "1/2-1/2"]
[WhiteElo "2146"]
[BlackElo "2362"]

1.d4 d5 2.c4 dxc4 3.Nf3 c5 4.d5 e6 5.Nc3 Ne7 6.e4 exd5 7.exd5 Nf5 8.Bxc4 Nd6
9.Bb3 Be7 10.O-O O-O 11.Bf4 Nd7 12.Qd2 Nf6 13.h3 Bf5 14.Rfe1 a6 15.a4 Re8
16.a5 Nfe4 17.Nxe4 Nxe4 18.Qc2 Bd6 19.Bxd6 Qxd6 20.Nh4 g6 21.g4 Qf6 22.Ng2 Ng5
23.Rxe8+ Rxe8 24.gxf5 Nf3+ 25.Kf1 Qe5 26.fxg6 hxg6 27.d6 Nh2+ 28.Kg1 Nf3+  1/2-1/2

[Event "Spring Festival"]
[Site "Budapest HUN"]
[Date "2002.03.19"]
[Round "5"]
[White "Szemeti,A"]
[Black "Weglarz,L"]
[Result "1/2-1/2"]
[WhiteElo "2201"]
[BlackElo "2362"]

1.d4 d5 2.c4 dxc4 3.Nf3 c5 4.d5 e6 5.Nc3 Ne7 6.e4 exd5 7.exd5 Nf5 8.Bxc4 Nd6
9.Bd3 Be7 10.O-O O-O 11.Bf4 Nd7 12.Re1 Nf6 13.h3 Re8 14.Rc1 Bf8 15.Be5 b6
16.Ng5 h6 17.Bxf6 Rxe1+ 18.Qxe1 Qxf6 19.Nge4 Qe5 20.Nd2 Qd4 21.Bc2 Bd7 22.Nf3 Qf4
23.Ne2 Qf6 24.Qc3 Qxc3 25.Nxc3 Re8 26.a4 g6 27.Kf1 Bg7 28.Re1 Rxe1+ 29.Kxe1 Nc4  1/2-1/2

[Event "Suetin Mem"]
[Site "Tula RUS"]
[Date "2002.03.29"]
[Round "7"]
[White "Selin,O"]
[Black "Slavina,I"]
[Result "1-0"]
[WhiteElo "2440"]
[BlackElo "2358"]

1.d4 d5 2.c4 dxc4 3.Nf3 a6 4.e3 Nf6 5.Bxc4 b5 6.Bd3 Bb7 7.O-O e6 8.a4 b4
9.Nbd2 c5 10.e4 cxd4 11.e5 Nd5 12.Nc4 h6 13.Nxd4 Nd7 14.Nxe6 fxe6 15.Qh5+ Ke7
16.Bg6 Nc5 17.Nd6 Qc7 18.Be3 Nb3 19.Bc2 Kd7 20.Bxb3 Bxd6 21.exd6 Qxd6 22.Rfd1 Rhf8
23.Qg4 g5 24.Bxd5 Bxd5 25.Rxd5 Qxd5 26.Rd1 Rf5 27.Rxd5+ Rxd5 28.g3 a5 29.Qh5 Rh8
30.Qf7+ Kd6 31.Qg7 Rc8 32.Qxh6 Rc2 33.Qf8+ Kd7 34.Qg7+ Kd6 35.Bxg5 b3 36.Bf4+ Kc5
37.Qc7+ Kd4 38.Qb6+ Kc4 39.Qc6+ Kd4 40.Qxe6 Kc4 41.Be3 Kb4 42.Qe7+ Kc4 43.Qe4+  1-0

[Event "FSGMB April"]
[Site "Budapest HUN"]
[Date "2002.04.11"]
[Round "10"]
[White "Farago,I"]
[Black "Vajda,S"]
[Result "1/2-1/2"]
[WhiteElo "2506"]
[BlackElo "2387"]

1.d4 d5 2.c4 dxc4 3.Nf3 a6 4.e3 e6 5.Bxc4 Nf6 6.Qe2 c5 7.dxc5 Bxc5 8.O-O Nc6
9.e4 Nd4 10.Nxd4 Qxd4 11.Nc3 O-O 12.Be3 Qe5 13.f4 Bxe3+ 14.Qxe3 Qc7 15.e5 Ng4
16.Qe2 Qb6+ 17.Kh1 Ne3 18.Rfb1 Bd7 19.Bd3 Bc6 20.Be4 Bxe4 21.Nxe4 Rac8 22.Nc3 Rfd8
23.h3 h6 24.Re1 Nd5 25.Nxd5 Rxd5 26.Rac1 Rcd8 27.Rc2 Rd3 28.Rec1 Qd4 29.Rc4 Qd5
30.Qe4 Qxe4  1/2-1/2

[Event "10th Hotel Opatija GM"]
[Site "Kastav CRO"]
[Date "2002.04.12"]
[Round "4"]
[White "Tratar,M"]
[Black "Varga,Zo"]
[Result "1/2-1/2"]
[WhiteElo "2424"]
[BlackElo "2510"]

1.Nf3 d5 2.d4 a6 3.c4 dxc4 4.e3 e6 5.Bxc4 b5 6.Bb3 Bb7 7.O-O Nf6 8.a4 Nbd7
9.axb5 axb5 10.Rxa8 Qxa8 11.Na3 Bxa3 12.bxa3 c5 13.dxc5 Nxc5 14.Bc2 O-O 15.Bb2 Nfe4
16.Qd4 f6 17.Qb4 Rc8 18.Rc1 Nd6 19.Bxh7+ Kxh7 20.Rxc5 Bxf3 21.Rxc8 Nxc8 22.gxf3 Qxf3
23.Qc5 Qd1+ 24.Kg2 Nd6 25.Qd4 Qxd4 26.Bxd4 f5 27.Bc5 Nc4 28.Kg3 Kg6 29.e4 Kf6
30.f3 g6 31.Bb4 e5 32.Bf8  1/2-1/2

[Event "City-ch"]
[Site "St-Petersburg RUS"]
[Date "2002.04.22"]
[Round "6"]
[White "Smirnov,Ar"]
[Black "Anisimov,P"]
[Result "1-0"]
[WhiteElo "2286"]
[BlackElo "2405"]

1.d4 d5 2.c4 dxc4 3.Nf3 a6 4.e3 Nf6 5.Bxc4 e6 6.a4 c5 7.O-O Nc6 8.Qe2 cxd4
9.Rd1 Be7 10.exd4 O-O 11.Nc3 Nb4 12.Ne5 Bd7 13.Bg5 Rc8 14.Bb3 Bc6 15.Nxc6 Rxc6
16.Bxf6 Bxf6 17.d5 exd5 18.Nxd5 Nxd5 19.Bxd5 Rd6 20.Bxb7 a5 21.Bf3 Rxd1+
22.Rxd1 Qb6 23.Rd5 Qb4 24.b3 Qxb3 25.Rxa5 Qb1+ 26.Qd1 Rb8 27.g3 Qb2 28.Rd5 g6
29.Kg2 Rb4 30.Rd2 Qa3 31.Rd7 Rxa4 32.Qd5 Qf8 33.Qc6 Rd4 34.Bd5 Be7 35.Ra7 Kg7
36.Ra8 Bd8 37.Qc3 Bf6 38.Rxf8 Kxf8 39.Qc8+  1-0

[Event "ch-UKR"]
[Site "Alushta UKR"]
[Date "2002.05.03"]
[Round "1"]
[White "Shast,V"]
[Black "Zubov,A UKR"]
[Result "0-1"]
[WhiteElo "2227"]
[BlackElo "2478"]

1.d4 d5 2.c4 dxc4 3.Nf3 a6 4.e3 e6 5.Bxc4 c5 6.O-O Nf6 7.dxc5 Bxc5 8.Qxd8+ Kxd8
9.Nbd2 Ke7 10.Nb3 Bd6 11.Rd1 b6 12.Bd2 Bb7 13.Nfd4 Nbd7 14.f3 g5 15.a3 g4
16.Bb4 Bxb4 17.axb4 gxf3 18.gxf3 Ne5 19.Be2 Nd5 20.Rdc1 Rhc8 21.Rxc8 Rxc8
22.Bxa6 Bxa6 23.Rxa6 Nxe3 24.Rxb6 Nd3 25.Rb7+ Kf6 26.Ne2 Rg8+ 27.Ng3 h5 28.Nd2 h4
29.Ne4+ Ke5 30.Rxf7 hxg3 31.hxg3 Rc8 32.Nc3 Nd5 33.f4+ Kd4 34.Rd7 Nxb4 35.Kg2 Rc6
36.Kf3 Nd3 37.Ne2+ Kc5 38.Rd8 Nxb2 39.Ke4 Nc4 40.Nd4 Nd6+ 41.Kd3 Nb4+ 42.Ke3 Nf5+
43.Nxf5 exf5 44.Rf8 Nd5+ 45.Kf3 Nf6 46.Kg2 Kd5 47.Kh3 Ke6 48.Kh4 Rc1 49.Ra8 Rh1+
50.Kg5 Ne4+ 51.Kg6 Nxg3 52.Re8+ Kd5 53.Kf6 Ne4+ 54.Kg6 Rg1+ 55.Kh6 Nd6 56.Re7 Rg4  0-1

[Event "ch-UKR w"]
[Site "Alushta UKR"]
[Date "2002.05.11"]
[Round "9"]
[White "Kostiuk,T"]
[Black "Semenova,L"]
[Result "0-1"]
[WhiteElo "2232"]
[BlackElo "2259"]

1.d4 d5 2.c4 dxc4 3.Nf3 a6 4.e3 Bg4 5.Bxc4 e6 6.h3 Bh5 7.O-O Nf6 8.Nc3 Nc6
9.Be2 Bd6 10.b3 O-O 11.Bb2 Qe7 12.Nd2 Bxe2 13.Qxe2 e5 14.d5 Nb4 15.e4 Nc2
16.Rac1 Nd4 17.Qd3 Nh5 18.Ne2 Nxe2+ 19.Qxe2 Nf4 20.Qf3 f5 21.Nc4 Rf6 22.Kh1 Raf8
23.Rce1 Rh6 24.exf5 Rxf5 25.Qe4 Rg5 26.Bxe5 Nxg2 27.Bxd6 Qxe4 28.Rxe4 cxd6
29.Kh2 Nh4 30.Rg4 Rxd5 31.Kg3 Rd3+ 32.Ne3 Nf5+ 33.Kf4 Nxe3 34.fxe3 Rf6+ 35.Ke4 Rxe3+
36.Kxe3 Rxf1 37.Rd4 Rf6 38.Rb4 b5 39.a4 Rf5 40.a5 Kf7 41.Rh4 h5 42.b4 g6
43.Kd4 Ke6 44.Re4+ Kd7 45.Re3 g5 46.Rg3 g4 47.hxg4 Rf4+ 48.Kd5 Rxg4 49.Rh3 Rg5+
50.Kd4 Kc7 51.Rf3 Rg7 52.Kd5 h4 53.Ke6 Rg6+ 54.Kd5 Rg5+ 55.Kd4 Rh5 56.Rh3 Kd7
57.Ke4 Ke6 58.Kf4 Kd5 59.Rd3+ Kc4  0-1

[Event "TCh-BIH"]
[Site "Neum BIH"]
[Date "2002.06.05"]
[Round "5"]
[White "Kozul,Z"]
[Black "Jusic,Z"]
[Result "1-0"]
[WhiteElo "2595"]
[BlackElo "2432"]

1.d4 d5 2.c4 dxc4 3.Nf3 c5 4.e3 cxd4 5.Bxc4 Qc7 6.Qb3 e6 7.exd4 Nc6 8.O-O a6
9.Qe3 Na5 10.Bd3 Nf6 11.Nc3 Be7 12.Ne5 Nc6 13.Re1 Qd6 14.Nxc6 bxc6 15.Ne4 Nxe4
16.Qxe4 Bf6 17.Bf4 Qd5 18.Be5 Qxe4 19.Bxe4 Bb7 20.Rac1 Kd7 21.Re3 Rhc8 22.Rh3 Bxe5
23.dxe5 h6 24.Rg3 g6 25.h4 Ke7 26.Ra3 Rc7 27.f3 Rd8 28.Rc5 Rd2 29.Rb3 Rd4
30.Kf2 Rd2+ 31.Kg3 g5 32.hxg5 hxg5 33.Rb6 Kd7 34.a4 Re2 35.Rxb7 Rxb7 36.Bxc6+ Kc7
37.Bb5+  1-0

[Event "ISYG-M16"]
[Site "Moscow RUS"]
[Date "2002.06.24"]
[Round "7"]
[White "Grachev,B"]
[Black "Anisimov,P"]
[Result "1/2-1/2"]
[WhiteElo "2434"]
[BlackElo "2424"]

1.d4 d5 2.c4 dxc4 3.Nf3 a6 4.e3 Nf6 5.Bxc4 e6 6.O-O c5 7.dxc5 Bxc5 8.Qxd8+ Kxd8
9.Nbd2 Ke7 10.Be2 b5 11.a4 bxa4 12.Rxa4 Nbd7 13.Nb3 Bd6 14.Nfd4 Bb7 15.Na5  1/2-1/2

[Event "13th Open"]
[Site "Ljubljana SLO"]
[Date "2002.06.26"]
[Round "5"]
[White "Farago,I"]
[Black "Mohr,G"]
[Result "1-0"]
[WhiteElo "2506"]
[BlackElo "2509"]

1.d4 d5 2.c4 dxc4 3.Nf3 c5 4.d5 e6 5.Nc3 a6 6.a4 Nf6 7.e4 exd5 8.e5 Be6 9.exf6 gxf6
10.g3 Nc6 11.Bg2 Bg7 12.O-O O-O 13.Nh4 Nd4 14.Be3 f5 15.Qh5 Qd7 16.Rad1 Rad8
17.Rd2 b5 18.axb5 axb5 19.Rfd1 f4 20.Bxd4 cxd4 21.Rxd4 Bg4 22.Qg5 h6 23.Qxf4 Bxd1
24.Rxd1 d4 25.Nf5 Kh8 26.Nd5 d3 27.Nxg7 Qd6 28.Qd4 f6 29.Nf5 Qe5 30.Qg4 Rg8
31.Qh5 Rd7 32.Qxh6+ Rh7 33.Qxf6+ Qxf6 34.Nxf6 Rf7 35.Nxg8 Rxf5 36.Ne7  1-0

[Event "23rd Open"]
[Site "Bled SLO"]
[Date "2002.07.05"]
[Round "4"]
[White "Kozul,Z"]
[Black "Mikhalchishin,A"]
[Result "1/2-1/2"]
[WhiteElo "2588"]
[BlackElo "2533"]

1.d4 d5 2.c4 dxc4 3.Nf3 c5 4.e3 cxd4 5.Bxc4 Qc7 6.Qb3 e6 7.exd4 Nf6 8.O-O Nc6
9.Qd3 Be7 10.a3 O-O 11.Nc3 b6 12.Re1 Bb7 13.Ba2 Rad8 14.h3 Rd7 15.Be3 a6
16.Rad1 b5 17.Bb1 g6 18.Ba2 Rfd8 19.Qb1 Qa5 20.Bb3 b4 21.Na4 bxa3 22.bxa3 Qb5
23.Nc3 Qa5 24.Na4 Qb5 25.Nc5 Bxc5 26.dxc5 Na5 27.Rxd7 Rxd7 28.Qa1 Ne8 29.Bd1 Nc4
30.Be2 Bxf3 31.gxf3 Qa4 32.Bh6 Na5 33.Qc3 Nc6 34.Bc4 Rd1 35.Rxd1 Qxd1+ 36.Kg2 Nd4
37.c6 Nf5 38.Bg5 h6 39.Bf4 Nh4+ 40.Kh2 g5 41.Bg3 Nxf3+ 42.Kg2 Ne1+ 43.Kh2 Nf3+
44.Kg2 Ne1+ 45.Kh2  1/2-1/2

[Event "23rd Open"]
[Site "Bled SLO"]
[Date "2002.07.09"]
[Round "8"]
[White "Sebenik,M"]
[Black "Sermek,D"]
[Result "0-1"]
[WhiteElo "2380"]
[BlackElo "2603"]

1.Nf3 d5 2.d4 c5 3.c4 dxc4 4.d5 e6 5.Nc3 a6 6.a4 Nf6 7.e4 exd5 8.exd5 Bd6
9.Bxc4 O-O 10.O-O Bg4 11.h3 Bxf3 12.Qxf3 Nbd7 13.b3 Re8 14.Bg5 Qe7 15.g3 h6
16.Bxf6 Nxf6 17.Rad1 Rad8 18.Rd2 Qd7 19.Kh2 Be5 20.Re2 Bxc3 21.Qxc3 Nxd5
22.Rxe8+ Qxe8 23.Qf3 Nb6 24.Bd3 c4 25.bxc4 Nxa4 26.Be4 b5 27.Rb1 Nc3 28.Bc6 Qe6
29.Rb3 Ne2 30.Bd5 Nd4 31.Qf4 Qf6 32.Qxf6 gxf6 33.Rd3 Ne6 34.Ra3 Nc7 35.Ra5 Nxd5
36.cxd5 Ra8 37.Kg2 b4 38.d6 Kf8 39.Rh5 b3 40.Rxh6 Kg7 41.Rh4 Rb8 42.d7 b2
43.Rg4+ Kh7 44.Rh4+ Kg6 45.Rb4 Rxb4 46.d8=Q b1=Q 47.Qg8+ Kf5 48.Qc8+ Ke4
49.Qxa6 Rb6 50.Qc4+ Ke5 51.Qxf7 Qe4+ 52.Kh2 Qd5 53.Qe7+ Re6 54.Qb4 Qd4 55.Qb8+ Kf5
56.Qb1+ Qe4 57.Qb5+ Kg6 58.Qb8 Kg7 59.Qc7+ Re7 60.Qc5 Rb7  0-1

[Event "SCCF State Ch"]
[Site "Costa Mesa USA"]
[Date "2002.07.13"]
[Round "2"]
[White "Lakdawala,C"]
[Black "Small,G"]
[Result "1/2-1/2"]
[WhiteElo "2435"]
[BlackElo "2245"]

1.d4 d5 2.c4 dxc4 3.Nf3 a6 4.e3 e6 5.Bxc4 c5 6.dxc5 Qxd1+ 7.Kxd1 Bxc5 8.Nbd2 Nf6
9.Nb3 Bd6 10.Ke2 Nc6 11.Rd1 Ke7 12.Bd2 Bd7 13.Be1 Rac8 14.Rac1 Ne5 15.Nxe5 Bxe5
16.Bb4+ Ke8 17.Ba3 Rxc4 18.Rxc4 Bb5 19.Nd2 Ne4 20.Rc1  1/2-1/2

[Event "Open Championships"]
[Site "Paris FRA"]
[Date "2002.07.13"]
[Round "8"]
[White "Rahman,Zia"]
[Black "Afek,Y"]
[Result "0-1"]
[WhiteElo "2517"]
[BlackElo "2329"]

1.Nf3 d5 2.d4 c5 3.c4 dxc4 4.e3 cxd4 5.exd4 Be6 6.Nc3 Nf6 7.Ne5 Nc6 8.Nxc6 bxc6
9.Qa4 Qd7 10.Bxc4 Bxc4 11.Qxc4 g6 12.O-O Bg7 13.b3 O-O 14.Bb2 Rfd8 15.Na4 Qd6
16.g3 Qd5 17.Rac1 Rac8 18.Rfe1 e6 19.Qe2 Qf5 20.Rc4 h5 21.Rec1 h4 22.Nc5 hxg3
23.hxg3 Nd5 24.Ne4 Nf6 25.Nd2 Bh6 26.Rxc6 Rxc6 27.Rxc6 Qa5 28.Nf3 Qxa2 29.d5 Rxd5
30.Rxe6 Qxb3 31.Kg2 Rd2 32.Re8+ Nxe8 33.Qxe8+ Bf8 34.Bc1 Rd1 35.Be3 Qc4 36.Ng5 Qd5+
37.Ne4 Re1 38.g4 Qe6 39.Kf3 Qxe8 40.Nf6+ Kh8 41.Nxe8 f5 42.Bd4+ Kg8 43.Nf6+ Kf7  0-1

[Event "Dutch Open"]
[Site "Dieren NED"]
[Date "2002.07.15"]
[Round "6"]
[White "Slisser,T"]
[Black "Algera,S"]
[Result "1/2-1/2"]
[WhiteElo "2220"]
[BlackElo "2057"]

1.d4 d5 2.c4 dxc4 3.Nf3 a6 4.e3 e6 5.Bxc4 c5 6.O-O Nc6 7.Nc3 Nf6 8.Bb3 Be7
9.Qe2 cxd4 10.Rd1 O-O 11.exd4 Nd5 12.a3 Nxc3 13.bxc3 Bf6 14.Bc2 Qa5 15.Qd3 g6
16.Bh6 Rd8 17.Qe3 Ne7 18.c4 Nf5 19.Qf4 Bd7 20.Bg5 Bxg5 21.Nxg5 Qc3 22.Rac1 Qxa3
23.g4 Qd6 24.Qf3 Nh6 25.Qh3 Qf8 26.Be4 f6 27.Nf3 e5 28.Bd5+ Kg7 29.dxe5 Bxg4
30.Qg3 Bxf3 31.Qxf3  1/2-1/2